| 000 | 00473 a2200169 4500 | ||
|---|---|---|---|
| 999 |
_c29272 _d29272 |
||
| 003 | NUST | ||
| 005 | 20180118145735.0 | ||
| 008 | 180118b xxu||||| |||| 00| 0 eng d | ||
| 020 | _a0122203186 | ||
| 020 | _a9780122203183 | ||
| 082 | 0 | 4 | _a530.13 |
| 100 |
_aDomb, Cyril. _98833 |
||
| 245 | 1 | 0 |
_aPhase transitions and critical phenomena. _nVolume 18 / _cCyril Domb, Joel L. Lebowitz. |
| 260 |
_a[S.l.] : _bAcademic Press, _c2001. |
||
| 300 |
_a320 p. ; _c24 cm. |
||
| 700 | 1 |
_aDomb, Cyril. _98833 |
|
| 700 | 1 |
_aLebowitz, Joel L. _98834 |
|
| 942 |
_aSNS _cBK _k530.13 DOM _2ddc |
||